1423 1354 1387 1522 1161 1235 1757 1029 1019 1420 1685 1202 1517 1083 1381 1241 1109 1051 1634 1332 1853 1669 1779 1311 1430 1581 1037 1491 1094 1966 1683 1280 1803 1288 1906 1230 1189 1368 1599 1766 1409 1143 1130 1001 1209 1700 1174 1684 1312 1413 1594 1976 1543 1751 1022 1170 1864 1879 1949 1218 1848 1049 1899 2000 1707 1428 1055 1084 1748 1741 1352 1201 1224 1209 1961 1330 1347 1832 1113 1456 1243 1120 1288 1898 1039 1806 1550 1607 1087 1948 1244 1857 1657 1837 1520 1590 1178 1061 1916 BCNSPRNW ULIB Ver.6.0+V

เปลี่ยนเป็นภาษาไทย

Change to English
 แสดงรายละเอียดบรรณานุกรม
  กลับหน้าหลัก

Brief Record : Get Marc (ISO 2709) : E-mail record : QR code < ปิดหน้าต่าง
LEADER : 00000nam 2200000uu 4500
001    13399115316
003     ULIB
008    020711s2549 th a 000 0 tha d
020    ^a9749447166
099    ^aนว.^bN11ร
100    ^anj venus
245    ^aรักครั้งนี้ สู้ไม่มีถอย : Fighting of Love /^cnj venus
260    ^aกรุงเทพฯ :^b1168 พับลิชชิ่ง,^c2549
300    ^a336 หน้า หน้า
945    ^p178^l0^i24726
999 ^a ใช้งานได้ทุกระบบ
รายการนี้ยังไม่มีแท็ก
คุณยังไม่ได้ล็อกอิน คุณสามารถมีกิจกรรมร่วมกับเว็บไซต์ได้ แต่ต้องล็อกอินก่อน ::
  ล็อกอิน

รายการสื่อสารสนเทศ

ลำดับที่ ประเภท เลขเรียก/บาร์โค้ด สถานที่ สถานะ
1. นวนิยาย
นวนิยาย
นว. N11ร ฉ.1 
  Barcode: 24726
ห้องสมุดวิทยาเขตสวรรค์ประชารักษ์
►นวนิยาย
บนชั้น
  ขอยืม

BibComment


ยังไม่เคยถูกคอมเมนท์

คอมเมนท์ทรัพยากรรายการนี้
  คอมเมนท์: รักครั้งนี้ สู้ไ..


 Copyright 2026. Bcnsprnw @Library